Statistics for Wednesday Whimsy #4

Click here to take the quiz!

General Stats

  • This quiz has been taken 35 times
  • The average score is 6 of 12

Answer Stats

Sentence Answer % Correct
We must reach the end of this tunnel eventually - it has lasted so long already!Eleven
73%
Someone had better not scrape rusty nails across the side of my new carPeru
67%
Ever since I lost my last job, I haven't been able to cover monthly paymentsVermont
63%
Meet me in five minutes on the tarmac, Adam; I am waiting eagerly for youMacadamia
60%
I am afraid that this is going to be a very unfortunate series of events indeedBeaver
57%
With some thyme and basil I concocted a delicious dinner for my whole familySilicon
53%
You are not qualified to be the hero - this is a problem only Superman can fixLemon
50%
The police chief decided to give Hank a raise due to his excellent field workAnkara
50%
If I really had to choose, I would prefer a Riesling to a Chardonnay any dayAries
43%
We're so filthy from the mud run, we almost need to scrub our bones cleanBourbon
40%
We must give the alien a warm welcome as soon as it arrives on this planetSitar
30%
I consider it really important that you speak to your teacher about this matterEritrea
27%

Score Distribution

Percentile by Number Answered

Percent of People with Each Score

Your Score History

You have not taken this quiz